| 000 | 00780nam a2200217 a 4500 | ||
|---|---|---|---|
| 001 | 000018593 | ||
| 005 | 20200929165828.0 | ||
| 008 | 100511s1971 xxu r 000 f spa d | ||
| 040 |
_aDO-SdBNP _bspa _cBNPHU |
||
| 082 |
_a813.54 _bW68c |
||
| 100 | 1 |
_aWilkerson, David, _d1931- _940197 |
|
| 245 | 1 | 3 |
_aLa Cruz y el puñal / _cDavid Wilkerson, Elisabet Sherrill. |
| 250 | _a4a ed. | ||
| 260 |
_aMiami : _bVida, _c1971. |
||
| 300 |
_a206 p. ; _c18 cm. |
||
| 500 | _aEn la cubierta: Emocionante lucha verídica de un hombre contra pandillas de delincuentes juveniles en los sombríos laberintos de los barrios bajos de una gran ciudad. | ||
| 650 | 4 |
_aNovela estadounidense _9262 |
|
| 650 | 4 |
_aLiteratura estadounidense _9263 |
|
| 700 | 1 |
_aSherrill, Elisabet _940198 |
|
| 049 | _aBNGR | ||
| 999 |
_c18113 _d18113 |
||